Verwoerd - the end: a look-back from the future (Record no. 357657)

000 -LEADER
fixed length control field 00359cam a22001217a 4500
008 - FIXED-LENGTH DATA ELEMENTS--GENERAL INFORMATION
fixed length control field 180718b1961 xxu||||| |||| 00| 0 eng d
082 ## - DEWEY DECIMAL CLASSIFICATION NUMBER
Classification number A99 V619/A155
100 ## - MAIN ENTRY--PERSONAL NAME
Personal name Allighan, Garry
245 ## - TITLE STATEMENT
Title Verwoerd - the end: a look-back from the future
Statement of responsibility, etc. by Garry Allighan
260 ## - PUBLICATION, DISTRIBUTION, ETC.
Place of publication, distribution, etc. London
Name of publisher, distributor, etc. T.V. Boardman
Date of publication, distribution, etc. 1961
300 ## - PHYSICAL DESCRIPTION
Extent 228p.
650 ## - SUBJECT ADDED ENTRY--TOPICAL TERM
Topical term or geographic name entry element Vewoerd, Handrik, 1901
Holdings
Withdrawn status Lost status Damaged status Not for loan Permanent Location Current Location Date acquired Full call number Barcode Date last seen Price effective from Koha item type
        Indian Institute of Public Administration Indian Institute of Public Administration 1994-01-14 A99 V619/A155 26392 2018-07-21 2018-07-21 Book

Powered by Koha